000 01509cam a2200301 4500
001 ABS63509
008 000000n2000 000 0 eng u
035 _a(Sirsi) u110519
100 _aBristow, D.
245 4 _aThe gathering storm of arbitrators' and mediators' liability
260 _c2000
490 _aArbitration and Dispute Resolution Law Journal
_v(4) December 2000, 312-323(12)
520 _aDiscusses the problems of arbitrators and mediators accused of negligence and their subsequent liability under Canadian law. Examines possible basis for claims including: the fiduciary duty of mediators; confidentiality; the unauthorised practice of law, applicable where the mediator is not a lawyer; and outlines provisions that should be included in standard forms of agreement for arbitration and mediation. Notes that there is no requirement for mediators or arbitrators to carry professional indemnity insurance but details the level of cover provided by some policies. Covers case and common law.
590 _aABS
650 _aMANAGEMENT-DISPUTE AVOIDANCE, MANAGEMENT AND RESOLUTION-DISPUTE MANAGEMENT AND RESOLUTION-ARBITRATION
650 _aCANADA
650 _aCASE LAW
650 _aCOMMON LAW
650 _aCONFIDENTIALITY
650 _aFIDUCIARY DUTY
650 _aLIABILITY
650 _aMEDIATION
650 _aNEGLIGENCE
650 _aPROFESSIONAL INDEMNITY INSURANCE
650 _aSTANDARD FORMS OF AGREEMENT
690 _aDispute resolution
_96236
942 _n0
999 _c65878
_d65878